| 000 | 00427cam a22001337a 4500 | ||
|---|---|---|---|
| 008 | 180718b1962 xxu||||| |||| 00| 0 eng d | ||
| 082 | _aW4 V94 | ||
| 100 | _aVotaw, David F. | ||
| 245 |
_aElementry sampling for traffic engineers _cby David F. Votaw and Herbert S. Levinson |
||
| 260 |
_aSaugatuck _bThe Eco Foundation For Highway Traffic Control _c1962 |
||
| 300 | _a128p | ||
| 650 | _aTraffic. | ||
| 700 | _aLevinson, Herbert S. | ||
| 999 |
_c411430 _d411430 |
||